| 000 | 00526nam a2200181Ia 4500 | ||
|---|---|---|---|
| 005 | 20221126111812.0 | ||
| 008 | 131103s9999 xx 000 0 und d | ||
| 040 | _aLoreto College | ||
| 041 | _aEnglish | ||
| 082 |
_a954.1 _bNAG |
||
| 245 | 2 |
_aA brief historical account of Nagaland _cNaga Institute Of Culture Kohima,Nagaland |
|
| 260 |
_aNagaland _bNaga Institute Of Culture _c1970 |
||
| 300 |
_a261 p. _b illus. |
||
| 504 | _aIncludes index | ||
| 650 | _aHistorical Account Of Nagaland | ||
| 850 | _aLCLIB | ||
| 942 | _cBK | ||
| 999 |
_c10053 _d60532 |
||